[Event "Bundesliga 0102"]
[Site "Deutschland"]
[Date "2001.11.24"]
[Round "3.8"]
[White "Mortensen, Erling"]
[Black "Berger, Steve"]
[Result "1-0"]
[WhiteElo "2423"]
[BlackElo "2311"]
[PlyCount "131"]
[EventDate "2001.10.06"]
[EventType "team"]
[EventRounds "15"]
[EventCountry "GER"]
[SourceTitle "Bundesliga 0102"]
[Source "DeepChess"]
[SourceDate "2005.01.01"]
[SourceVersion "1"]
[SourceVersionDate "2005.01.01"]
[SourceQuality "1"]
[WhiteTeam "Luebecker SV von 1873 "]
[BlackTeam "SC Koenigsspringer 1984 Hamburg"]
[WhiteTeamCountry "GER"]
[BlackTeamCountry "GER"]

1. e4 c5 2. Nf3 e6 3. d3 d5 4. Qe2 Nf6 5. g3 b6 6. e5 Nfd7 7. Bg2 Bb7 8. O-O
Qc7 9. c4 d4 10. Na3 a6 11. Re1 Nc6 12. Bd2 h6 13. h4 g6 14. Nc2 Bg7 15. Bf4
O-O-O 16. g4 g5 17. hxg5 hxg5 18. Bg3 Rdg8 19. Rab1 Bf8 20. a3 Ne7 21. b4 Ng6
22. bxc5 Bxc5 23. Nfxd4 Bxg2 24. Kxg2 Nf4+ 25. Bxf4 gxf4 26. f3 Rh4 27. Rh1
Rxh1 28. Rxh1 Qxe5 29. Qe4 Qxe4 30. dxe4 Ne5 31. Nb3 Rd8 32. Rh5 f6 33. Rh6 Rd3
34. Nxc5 bxc5 35. Ne1 Rd2+ 36. Kf1 Nxc4 37. Rxf6 Ne3+ 38. Kg1 c4 39. g5 Re2 40.
Rxf4 c3 41. Nd3 c2 42. g6 Rd2 43. Rf8+ Kc7 44. Rf7+ Kb6 45. Nc1 Rd1+ 46. Kh2
Rxc1 47. g7 Rh1+ 48. Kxh1 c1=Q+ 49. Kh2 Qd2+ 50. Kg3 e5 51. Kh4 Qg2 52. Kh5 Ka5
53. Kh6 Qh3+ 54. Kg6 Qe6+ 55. Rf6 Qe8+ 56. Kh6 Ng2 57. Rg6 Qg8 58. Rxg2 Ka4 59.
Rg5 Kxa3 60. Rxe5 Kb4 61. f4 a5 62. f5 a4 63. f6 a3 64. Kg6 Qc8 65. f7 Qg4+ 66.
Kh7 1-0

[Event "Bundesliga 0102"]
[Site "Deutschland"]
[Date "2001.11.24"]
[Round "3.1"]
[White "Stohl, Igor"]
[Black "Rozentalis, Eduardas"]
[Result "1/2-1/2"]
[WhiteElo "2533"]
[BlackElo "2588"]
[PlyCount "57"]
[EventDate "2001.10.06"]
[EventType "team"]
[EventRounds "15"]
[EventCountry "GER"]
[SourceTitle "Bundesliga 0102"]
[Source "DeepChess"]
[SourceDate "2005.01.01"]
[SourceVersion "1"]
[SourceVersionDate "2005.01.01"]
[SourceQuality "1"]
[WhiteTeam "SF Neukoelln 03 e.V."]
[BlackTeam "SV Castrop Rauxel 1923"]
[WhiteTeamCountry "GER"]
[BlackTeamCountry "GER"]

1. d4 Nf6 2. c4 e6 3. Nc3 Bb4 4. Qc2 O-O 5. a3 Bxc3+ 6. Qxc3 b6 7. Bg5 Ba6 8.
Qf3 Nc6 9. e3 Bb7 10. Qd1 h6 11. Bh4 d6 12. Ne2 g5 13. Bg3 Ne4 14. f3 Nxg3 15.
hxg3 Kg7 16. g4 f5 17. d5 Ne7 18. gxf5 Nxf5 19. e4 Ne7 20. Nd4 Bc8 21. dxe6 c5
22. Nb5 Bxe6 23. Qxd6 Qxd6 24. Nxd6 a6 25. O-O-O Rad8 26. Be2 Nc6 27. Nf5+ Bxf5
28. Rxd8 Rxd8 29. exf5 1/2-1/2

[Event "Bundesliga 0102"]
[Site "Deutschland"]
[Date "2001.11.24"]
[Round "3.2"]
[White "De Vreugt, Dennis"]
[Black "Kallai, Gabor"]
[Result "1-0"]
[WhiteElo "2429"]
[BlackElo "2555"]
[PlyCount "71"]
[EventDate "2001.10.06"]
[EventType "team"]
[EventRounds "15"]
[EventCountry "GER"]
[SourceTitle "Bundesliga 0102"]
[Source "DeepChess"]
[SourceDate "2005.01.01"]
[SourceVersion "1"]
[SourceVersionDate "2005.01.01"]
[SourceQuality "1"]
[WhiteTeam "SV Castrop Rauxel 1923"]
[BlackTeam "SF Neukoelln 03 e.V."]
[WhiteTeamCountry "GER"]
[BlackTeamCountry "GER"]

1. e4 c6 2. d4 d5 3. e5 Bf5 4. Nc3 e6 5. g4 Bg6 6. Nge2 c5 7. Be3 Nc6 8. dxc5
Nxe5 9. Nf4 Ne7 10. Qe2 N7c6 11. O-O-O Qa5 12. Bd4 Nxd4 13. Rxd4 Nc6 14. Nxe6
fxe6 15. Qxe6+ Be7 16. Bb5 Rd8 17. Nxd5 Rxd5 18. Bxc6+ bxc6 19. Qxc6+ Kf8 20.
Qxd5 Qxc5 21. Rf4+ Ke8 22. Qxc5 Bxc5 23. Rc4 Bb6 24. Rc8+ Bd8 25. Rd1 Ke7 26.
Ra8 Re8 27. Re1+ Kd7 28. Rxa7+ Bc7 29. Rxe8 Bxe8 30. h3 Kc8 31. c4 h5 32. Ra8+
Bb8 33. Ra6 h4 34. Kd2 g5 35. b4 Kb7 36. b5 1-0

[Event "Bundesliga 0102"]
[Site "Deutschland"]
[Date "2001.11.24"]
[Round "3.3"]
[White "Berndt, Stephan"]
[Black "Doettling, Fabian"]
[Result "1-0"]
[WhiteElo "2479"]
[BlackElo "2518"]
[PlyCount "69"]
[EventDate "2001.10.06"]
[EventType "team"]
[EventRounds "15"]
[EventCountry "GER"]
[SourceTitle "Bundesliga 0102"]
[Source "DeepChess"]
[SourceDate "2005.01.01"]
[SourceVersion "1"]
[SourceVersionDate "2005.01.01"]
[SourceQuality "1"]
[WhiteTeam "SF Neukoelln 03 e.V."]
[BlackTeam "SV Castrop Rauxel 1923"]
[WhiteTeamCountry "GER"]
[BlackTeamCountry "GER"]

1. e4 c6 2. d4 d5 3. exd5 cxd5 4. c4 Nf6 5. Nc3 e6 6. a3 Be7 7. Nf3 O-O 8. Bd3
dxc4 9. Bxc4 b6 10. O-O Bb7 11. Re1 Nc6 12. Ba2 Rc8 13. Qd3 Re8 14. Bg5 Nd5 15.
h4 Nxc3 16. bxc3 g6 17. Rad1 Na5 18. Re5 Bxf3 19. Qxf3 Bxg5 20. Rxg5 Qd6 21.
Rg3 Qxa3 22. Bb1 Rc7 23. h5 Qf8 24. d5 exd5 25. hxg6 fxg6 26. Qxd5+ Qf7 27.
Bxg6 hxg6 28. Rxg6+ Kf8 29. Qd6+ Qe7 30. Qf4+ Qf7 31. Rf6 Rce7 32. Rd3 Qxf6 33.
Qxf6+ Rf7 34. Qh6+ Ke7 35. Qd6# 1-0

[Event "Bundesliga 0102"]
[Site "Deutschland"]
[Date "2001.11.24"]
[Round "3.4"]
[White "Appel, Ralf"]
[Black "Borriss, Martin"]
[Result "1/2-1/2"]
[WhiteElo "2512"]
[BlackElo "2445"]
[PlyCount "87"]
[EventDate "2001.10.06"]
[EventType "team"]
[EventRounds "15"]
[EventCountry "GER"]
[SourceTitle "Bundesliga 0102"]
[Source "DeepChess"]
[SourceDate "2005.01.01"]
[SourceVersion "1"]
[SourceVersionDate "2005.01.01"]
[SourceQuality "1"]
[WhiteTeam "SV Castrop Rauxel 1923"]
[BlackTeam "SF Neukoelln 03 e.V."]
[WhiteTeamCountry "GER"]
[BlackTeamCountry "GER"]

1. Nf3 Nf6 2. g3 g6 3. Bg2 Bg7 4. O-O O-O 5. d4 d6 6. Nc3 Nc6 7. d5 Nb4 8. e4
e5 9. h3 c6 10. a3 Na6 11. Be3 cxd5 12. exd5 Bd7 13. a4 Nb4 14. Qd2 a5 15. Rfd1
Rc8 16. Ne1 Ne8 17. Nb5 f5 18. c3 Na6 19. Nd3 Qe7 20. Re1 Nf6 21. Bb6 Ne4 22.
Qd1 Qf6 23. Bxa5 Ng5 24. h4 Nf7 25. f4 h6 26. Bb6 g5 27. hxg5 hxg5 28. Qh5 gxf4
29. gxf4 e4 30. Nf2 Nc5 31. Re3 Qh6 32. Rh3 Qxh5 33. Rxh5 Nxa4 34. Rxa4 Bxb5
35. Ra7 Nh6 36. Rxb7 Rb8 37. Rxg7+ Kxg7 38. Bd4+ Kh7 39. Nxe4 Be2 40. Rg5 Ng4
41. Rh5+ Kg6 42. Rg5+ Kh7 43. Rh5+ Kg6 44. Rg5+ 1/2-1/2

[Event "Bundesliga 0102"]
[Site "Deutschland"]
[Date "2001.11.24"]
[Round "3.5"]
[White "Polzin, Rainer"]
[Black "Watson, William N"]
[Result "1-0"]
[WhiteElo "2469"]
[BlackElo "2520"]
[PlyCount "75"]
[EventDate "2001.10.06"]
[EventType "team"]
[EventRounds "15"]
[EventCountry "GER"]
[SourceTitle "Bundesliga 0102"]
[Source "DeepChess"]
[SourceDate "2005.01.01"]
[SourceVersion "1"]
[SourceVersionDate "2005.01.01"]
[SourceQuality "1"]
[WhiteTeam "SF Neukoelln 03 e.V."]
[BlackTeam "SV Castrop Rauxel 1923"]
[WhiteTeamCountry "GER"]
[BlackTeamCountry "GER"]

1. e4 c5 2. Nc3 g6 3. Nf3 Bg7 4. d4 cxd4 5. Nxd4 Nc6 6. Be3 Nf6 7. Bc4 O-O 8.
Bb3 d6 9. f3 Bd7 10. Qd2 Rc8 11. O-O-O Ne5 12. Kb1 Nc4 13. Bxc4 Rxc4 14. g4 Be6
15. Nce2 d5 16. e5 Nd7 17. Nf4 Nxe5 18. Nfxe6 fxe6 19. Nxe6 Nxf3 20. Qe2 Qc8
21. Nxf8 Rb4 22. c3 Qxc3 23. Bc1 Ne5 24. Rxd5 Kxf8 25. Re1 Nc6 26. Rd8+ Nxd8
27. Qxe7+ Kg8 28. Qxd8+ Bf8 29. Qd5+ Kg7 30. Rf1 Qc7 31. Bd2 Rc4 32. Bc3+ Rxc3
33. Qd4+ Kg8 34. Qxc3 Qd7 35. h3 Bd6 36. Qc4+ Kg7 37. Qd4+ Kg8 38. Rd1 1-0

[Event "Bundesliga 0102"]
[Site "Deutschland"]
[Date "2001.11.24"]
[Round "3.6"]
[White "Seul, Georg"]
[Black "Hellsten, Johan"]
[Result "0-1"]
[WhiteElo "2427"]
[BlackElo "2471"]
[PlyCount "152"]
[EventDate "2001.10.06"]
[EventType "team"]
[EventRounds "15"]
[EventCountry "GER"]
[SourceTitle "Bundesliga 0102"]
[Source "DeepChess"]
[SourceDate "2005.01.01"]
[SourceVersion "1"]
[SourceVersionDate "2005.01.01"]
[SourceQuality "1"]
[WhiteTeam "SV Castrop Rauxel 1923"]
[BlackTeam "SF Neukoelln 03 e.V."]
[WhiteTeamCountry "GER"]
[BlackTeamCountry "GER"]

1. e4 c5 2. Nf3 e6 3. d3 Nc6 4. g3 d6 5. Bg2 Nf6 6. O-O Be7 7. c3 O-O 8. Re1
Bd7 9. d4 cxd4 10. cxd4 d5 11. exd5 Nxd5 12. Nc3 Nxc3 13. bxc3 Rc8 14. Qd3 Qa5
15. a4 Rfd8 16. Bd2 Be8 17. Qe2 b6 18. Reb1 Bf6 19. h4 Ne7 20. Ng5 Nf5 21. Ne4
Be7 22. h5 Nd6 23. h6 Nxe4 24. Bxe4 g6 25. Bd3 Qd5 26. Be4 Qc4 27. Bd3 Qc7 28.
Re1 Bc6 29. Bf4 Bd6 30. Bxd6 Qxd6 31. Be4 Qf8 32. Bxc6 Rxc6 33. Qe3 Rdc8 34.
Rab1 Rc4 35. a5 bxa5 36. Rb7 Qa3 37. Qf4 R4c7 38. Rxc7 Rxc7 39. Rb1 Rc8 40. Rb7
Qf8 41. Qf6 Ra8 42. c4 a4 43. c5 a3 44. Rb3 Qxh6 45. Rb7 Qf8 46. d5 exd5 47. c6
a2 48. Qb2 Qc8 49. Qxa2 Qxc6 50. Rxa7 Rxa7 51. Qxa7 Qe6 52. Qb8+ Kg7 53. Qb2+
Qf6 54. Qe2 Qd4 55. Qe7 Qe4 56. Qc5 d4 57. Kh2 h5 58. Kg1 d3 59. Qc3+ Kh7 60.
Qb3 Qf5 61. Kf1 Qd7 62. Qd1 d2 63. Ke2 Qg4+ 64. Kxd2 Qxd1+ 65. Kxd1 g5 66. Ke2
Kg6 67. Ke3 Kf5 68. Kf3 Ke5 69. Ke3 h4 70. Kf3 h3 71. g4 h2 72. Kg2 Kf4 73.
Kxh2 Kxg4 74. Kg2 Kf4 75. Kg1 Kf3 76. Kf1 f6 0-1

[Event "Bundesliga 0102"]
[Site "Deutschland"]
[Date "2001.11.24"]
[Round "3.7"]
[White "Poldauf, Dirk"]
[Black "Hoffmann, Michael"]
[Result "0-1"]
[WhiteElo "2403"]
[BlackElo "2448"]
[PlyCount "104"]
[EventDate "2001.10.06"]
[EventType "team"]
[EventRounds "15"]
[EventCountry "GER"]
[SourceTitle "Bundesliga 0102"]
[Source "DeepChess"]
[SourceDate "2005.01.01"]
[SourceVersion "1"]
[SourceVersionDate "2005.01.01"]
[SourceQuality "1"]
[WhiteTeam "SF Neukoelln 03 e.V."]
[BlackTeam "SV Castrop Rauxel 1923"]
[WhiteTeamCountry "GER"]
[BlackTeamCountry "GER"]

1. c4 Nf6 2. Nc3 c5 3. g3 e6 4. Nf3 b6 5. Bg2 Bb7 6. O-O d6 7. b3 a6 8. Bb2 Be7
9. e3 O-O 10. d3 Nbd7 11. Qe2 Re8 12. Nh4 Bxg2 13. Nxg2 Bf8 14. g4 g6 15. f4
Bg7 16. g5 Nh5 17. Ne4 d5 18. Ng3 Nxg3 19. hxg3 Bxb2 20. Qxb2 b5 21. e4 bxc4
22. dxc4 d4 23. e5 Kg7 24. Ne1 Rh8 25. Nd3 h6 26. gxh6+ Rxh6 27. Qg2 Rb8 28.
Rf3 Qa5 29. Raf1 Rbh8 30. g4 Rh1+ 31. Qxh1 Rxh1+ 32. Kxh1 Qxa2 33. f5 exf5 34.
gxf5 Qe2 35. e6 fxe6 36. Nf4 Qe4 37. Nxe6+ Kf6 38. Kh2 gxf5 39. Nf4 Ne5 40.
Nd5+ Ke6 41. Rxf5 Qc2+ 42. Kg1 Ng4 43. Rh5 Qxb3 44. Nf4+ Kd6 45. Kh1 Qg3 46.
Rh3 Nf2+ 47. Rxf2 Qxf2 48. Rh6+ Kd7 49. Rh7+ Kc6 50. Rh6+ Kb7 51. Rh7+ Kb6 52.
Nd5+ Ka5 0-1

[Event "Bundesliga 0102"]
[Site "Deutschland"]
[Date "2001.11.24"]
[Round "3.8"]
[White "Lemmers, Oscar"]
[Black "Thiede, Lars"]
[Result "1-0"]
[WhiteElo "2398"]
[BlackElo "2410"]
[PlyCount "95"]
[EventDate "2001.10.06"]
[EventType "team"]
[EventRounds "15"]
[EventCountry "GER"]
[SourceTitle "Bundesliga 0102"]
[Source "DeepChess"]
[SourceDate "2005.01.01"]
[SourceVersion "1"]
[SourceVersionDate "2005.01.01"]
[SourceQuality "1"]
[WhiteTeam "SV Castrop Rauxel 1923"]
[BlackTeam "SF Neukoelln 03 e.V."]
[WhiteTeamCountry "GER"]
[BlackTeamCountry "GER"]

1. e4 g6 2. d4 Bg7 3. Nc3 d6 4. Nf3 Nf6 5. Be3 c6 6. Qd2 Qa5 7. a3 Nbd7 8. Be2
e5 9. dxe5 dxe5 10. O-O O-O 11. Rfd1 Ng4 12. b4 Qc7 13. Bg5 f6 14. Bc4+ Kh8 15.
Bh4 Nh6 16. Qd6 Qxd6 17. Rxd6 Nb6 18. Bb3 Bg4 19. Ne1 Nf7 20. Rd3 Nd8 21. f3
Bc8 22. a4 Re8 23. a5 Nd7 24. Rad1 Re7 25. Bf2 Nf7 26. Bc5 Nxc5 27. Rd8+ Nxd8
28. Rxd8+ Bf8 29. Rxf8+ Kg7 30. Rg8+ Kh6 31. bxc5 b6 32. a6 bxc5 33. Nd3 Bxa6
34. Rxa8 c4 35. Nc5 cxb3 36. cxb3 Bb5 37. Nxb5 cxb5 38. Rb8 Rc7 39. Rxb5 Rc6
40. Ra5 Kg5 41. Kf2 h5 42. b4 Rb6 43. b5 h4 44. g3 h3 45. g4 f5 46. gxf5 gxf5
47. exf5 Kxf5 48. Ne4 1-0

[Event "Bundesliga 0102"]
[Site "Deutschland"]
[Date "2001.11.24"]
[Round "3.3"]
[White "Bacrot, Etienne"]
[Black "Jussupow, Artur"]
[Result "1-0"]
[WhiteElo "2653"]
[BlackElo "2633"]
[PlyCount "67"]
[EventDate "2001.10.06"]
[EventType "team"]
[EventRounds "15"]
[EventCountry "GER"]
[SourceTitle "Bundesliga 0102"]
[Source "DeepChess"]
[SourceDate "2005.01.01"]
[SourceVersion "1"]
[SourceVersionDate "2005.01.01"]
[SourceQuality "1"]
[WhiteTeam "SG Porz e.V."]
[BlackTeam "SG 1868 Aljech. Solingen"]
[WhiteTeamCountry "GER"]
[BlackTeamCountry "GER"]

1. d4 Nf6 2. c4 e6 3. Nf3 d5 4. Nc3 Nbd7 5. Bf4 dxc4 6. e3 Nb6 7. Bxc4 Nxc4 8.
Qa4+ Bd7 9. Qxc4 Bd6 10. O-O Bc6 11. Ne5 Bxe5 12. Bxe5 Nd7 13. Bg3 Nb6 14. Qc5
Nd7 15. Qa5 b6 16. Qa3 h5 17. Rac1 Rc8 18. e4 h4 19. Bf4 Qe7 20. Qxe7+ Kxe7 21.
d5 Bb7 22. Bxc7 Ba6 23. Rfd1 e5 24. b4 Bc4 25. a4 a6 26. a5 b5 27. d6+ Kf6 28.
h3 Ra8 29. Na4 Bb3 30. Nb6 Nxb6 31. axb6 Bxd1 32. b7 Rab8 33. Bxb8 Rxb8 34. d7
1-0

[Event "Bundesliga 0102"]
[Site "Deutschland"]
[Date "2001.11.24"]
[Round "3.3"]
[White "Naumann, Alexander"]
[Black "Van den Doel, Erik"]
[Result "1/2-1/2"]
[WhiteElo "2480"]
[BlackElo "2607"]
[PlyCount "31"]
[EventDate "2001.10.06"]
[EventType "team"]
[EventRounds "15"]
[EventCountry "GER"]
[SourceTitle "Bundesliga 0102"]
[Source "DeepChess"]
[SourceDate "2005.01.01"]
[SourceVersion "1"]
[SourceVersionDate "2005.01.01"]
[SourceQuality "1"]
[WhiteTeam "SG 1868 Aljech. Solingen"]
[BlackTeam "SG Porz e.V."]
[WhiteTeamCountry "GER"]
[BlackTeamCountry "GER"]

1. d4 d5 2. c4 dxc4 3. Nf3 e6 4. e3 c5 5. Bxc4 a6 6. O-O Nf6 7. dxc5 Bxc5 8.
Qxd8+ Kxd8 9. Nbd2 Nc6 10. Ng5 Ke7 11. Nge4 Nxe4 12. Nxe4 Bb4 13. a3 Ba5 14. b4
Bc7 15. Bb2 Be5 16. Bxe5 1/2-1/2

[Event "Bundesliga 0102"]
[Site "Deutschland"]
[Date "2001.11.24"]
[Round "3.6"]
[White "Sadler, Matthew"]
[Black "Andersson, Ulf"]
[Result "1/2-1/2"]
[WhiteElo "2631"]
[BlackElo "2601"]
[PlyCount "56"]
[EventDate "2001.10.06"]
[EventType "team"]
[EventRounds "15"]
[EventCountry "GER"]
[SourceTitle "Bundesliga 0102"]
[Source "DeepChess"]
[SourceDate "2005.01.01"]
[SourceVersion "1"]
[SourceVersionDate "2005.01.01"]
[SourceQuality "1"]
[WhiteTeam "SG 1868 Aljech. Solingen"]
[BlackTeam "SG Porz e.V."]
[WhiteTeamCountry "GER"]
[BlackTeamCountry "GER"]

1. b3 Nf6 2. Bb2 g6 3. Nf3 Bg7 4. e3 O-O 5. c4 c5 6. Be2 Nc6 7. O-O b6 8. d3
Bb7 9. Nbd2 e6 10. a3 Qe7 11. Qb1 Rfd8 12. Re1 d5 13. Ne5 Nxe5 14. Bxe5 Ne8 15.
Bxg7 Nxg7 16. cxd5 Rxd5 17. Qb2 Rad8 18. b4 Ba6 19. b5 Bb7 20. a4 Ne8 21. a5
Qc7 22. Rec1 R5d7 23. Nc4 Re7 24. axb6 axb6 25. Ra7 f6 26. f4 Rdd7 27. Rca1 Kf7
28. R1a3 Nd6 1/2-1/2

[Event "Bundesliga 0102"]
[Site "Deutschland"]
[Date "2001.11.24"]
[Round "3.7"]
[White "Hansen, Curt"]
[Black "Chandler, Murray G"]
[Result "1-0"]
[WhiteElo "2626"]
[BlackElo "2540"]
[PlyCount "131"]
[EventDate "2001.10.06"]
[EventType "team"]
[EventRounds "15"]
[EventCountry "GER"]
[SourceTitle "Bundesliga 0102"]
[Source "DeepChess"]
[SourceDate "2005.01.01"]
[SourceVersion "1"]
[SourceVersionDate "2005.01.01"]
[SourceQuality "1"]
[WhiteTeam "SG Porz e.V."]
[BlackTeam "SG 1868 Aljech. Solingen"]
[WhiteTeamCountry "GER"]
[BlackTeamCountry "GER"]

1. d4 Nf6 2. c4 e6 3. Nf3 d5 4. Nc3 Be7 5. Bg5 h6 6. Bh4 O-O 7. e3 b6 8. Rc1
Bb7 9. Bxf6 Bxf6 10. cxd5 exd5 11. b4 c5 12. bxc5 bxc5 13. Bb5 c4 14. O-O Nd7
15. Rb1 Nb6 16. Ne5 Qe7 17. Ng4 Bg5 18. a4 a6 19. Bc6 Bxc6 20. Rxb6 Qc7 21. a5
Rfb8 22. Ne5 Rxb6 23. axb6 Qxb6 24. Qf3 Qc7 25. Nxc6 Qxc6 26. Nxd5 Rc8 27. Rc1
a5 28. Nc3 Be7 29. Qxc6 Rxc6 30. Kf1 Bb4 31. Ke2 f5 32. Na4 Kf7 33. Nb2 c3 34.
Na4 Ke6 35. Kd3 Kd5 36. Nxc3+ Bxc3 37. Rxc3 Ra6 38. f3 a4 39. e4+ Ke6 40. Ra3
Kf6 41. Kc4 Ra8 42. Kb5 Rb8+ 43. Kc6 Ra8 44. h4 h5 45. g3 g6 46. Kb5 Rb8+ 47.
Kxa4 fxe4 48. fxe4 Rb1 49. Rc3 Rd1 50. Rc6+ Kf7 51. Rd6 Rd3 52. e5 Rxg3 53. Kb5
Rg4 54. d5 Rxh4 55. Rd7+ Ke8 56. Rg7 Re4 57. e6 h4 58. Kc6 h3 59. Rb7 g5 60.
Kd6 Ra4 61. Rg7 Kf8 62. Rf7+ Kg8 63. Rf5 h2 64. e7 Re4 65. Rxg5+ Kf7 66. Rh5
1-0

[Event "Bundesliga 0102"]
[Site "Deutschland"]
[Date "2001.11.24"]
[Round "3.2"]
[White "Markowski, Tomasz"]
[Black "Hickl, Joerg"]
[Result "0-1"]
[WhiteElo "2548"]
[BlackElo "2600"]
[PlyCount "102"]
[EventDate "2001.10.06"]
[EventType "team"]
[EventRounds "15"]
[EventCountry "GER"]
[SourceTitle "Bundesliga 0102"]
[Source "DeepChess"]
[SourceDate "2005.01.01"]
[SourceVersion "1"]
[SourceVersionDate "2005.01.01"]
[SourceQuality "1"]
[WhiteTeam "SK Koenig Plauen"]
[BlackTeam "Stuttgarter SF 1879"]
[WhiteTeamCountry "GER"]
[BlackTeamCountry "GER"]

1. g3 e5 2. c4 c6 3. Bg2 Nf6 4. Nc3 Be7 5. e4 O-O 6. Nge2 a6 7. O-O d6 8. d3 b5
9. h3 Nbd7 10. Be3 Bb7 11. g4 Ne8 12. Qd2 g6 13. f4 exf4 14. Bxf4 Ng7 15. Bh6
b4 16. Nd1 c5 17. d4 a5 18. Nf2 cxd4 19. Nxd4 Qb6 20. Rad1 Rfe8 21. Nb5 Ra6 22.
Be3 Qc6 23. b3 Ne5 24. Nd3 Nxd3 25. Qxd3 Ne6 26. Rd2 Nc5 27. Qd5 Qxd5 28. exd5
Rc8 29. Rdf2 f6 30. Bd4 Nd7 31. Re2 Ne5 32. g5 fxg5 33. Nxd6 Bxd6 34. Bxe5 Re8
35. Rfe1 Bc5+ 36. Kh1 a4 37. Bb2 Rxe2 38. Rxe2 axb3 39. axb3 Ra2 40. Bf3 Kf7
41. Kg2 Bc8 42. Bc1 Rxe2+ 43. Bxe2 h6 44. Bf1 Bf5 45. Kf3 Ke7 46. Ke2 Bc2 47.
Bg2 Bxb3 48. Kd3 Ba2 49. Bf1 Bb1+ 50. Ke2 Bf5 51. Kf3 Bd4 0-1

[Event "Bundesliga 0102"]
[Site "Deutschland"]
[Date "2001.11.24"]
[Round "3.3"]
[White "Gabriel, Christian"]
[Black "Kindermann, Stefan"]
[Result "1/2-1/2"]
[WhiteElo "2545"]
[BlackElo "2520"]
[PlyCount "50"]
[EventDate "2001.10.06"]
[EventType "team"]
[EventRounds "15"]
[EventCountry "GER"]
[SourceTitle "Bundesliga 0102"]
[Source "DeepChess"]
[SourceDate "2005.01.01"]
[SourceVersion "1"]
[SourceVersionDate "2005.01.01"]
[SourceQuality "1"]
[WhiteTeam "Stuttgarter SF 1879"]
[BlackTeam "SK Koenig Plauen"]
[WhiteTeamCountry "GER"]
[BlackTeamCountry "GER"]

1. d4 f5 2. g3 Nf6 3. Bg2 g6 4. c3 d6 5. Qb3 Nc6 6. Nd2 e5 7. dxe5 Nxe5 8. Ngf3
Nf7 9. Nd4 c6 10. N2f3 d5 11. O-O Bg7 12. c4 O-O 13. Bf4 dxc4 14. Qxc4 Nd5 15.
Rad1 Qe7 16. Bc1 Bd7 17. Qb3 Qb4 18. Ne1 Qxb3 19. Nxb3 Rae8 20. Bxd5 cxd5 21.
Rxd5 Be6 22. Rd2 Bc4 23. Nd3 Ne5 24. Nxe5 Rxe5 25. Re1 Rfe8 1/2-1/2

[Event "Bundesliga 0102"]
[Site "Deutschland"]
[Date "2001.11.24"]
[Round "3.4"]
[White "Espig, Lutz"]
[Black "Bunzmann, Dimitrij"]
[Result "1/2-1/2"]
[WhiteElo "2421"]
[BlackElo "2509"]
[PlyCount "46"]
[EventDate "2001.10.06"]
[EventType "team"]
[EventRounds "15"]
[EventCountry "GER"]
[SourceTitle "Bundesliga 0102"]
[Source "DeepChess"]
[SourceDate "2005.01.01"]
[SourceVersion "1"]
[SourceVersionDate "2005.01.01"]
[SourceQuality "1"]
[WhiteTeam "SK Koenig Plauen"]
[BlackTeam "Stuttgarter SF 1879"]
[WhiteTeamCountry "GER"]
[BlackTeamCountry "GER"]

1. Nf3 Nf6 2. g3 d5 3. Bg2 Bf5 4. b3 e6 5. Bb2 h6 6. d3 Be7 7. Nbd2 O-O 8. O-O
Bh7 9. Qe1 a5 10. a3 c5 11. a4 Nc6 12. Nb1 Ne8 13. Na3 Nd6 14. Nd2 Bf6 15. Bxf6
Qxf6 16. e4 Rfe8 17. f4 Qc3 18. e5 Nf5 19. Nb5 Qxc2 20. Rc1 Qb2 21. Rb1 Qc2 22.
Rc1 Qb2 23. Rb1 Qc2 1/2-1/2

[Event "Bundesliga 0102"]
[Site "Deutschland"]
[Date "2001.11.24"]
[Round "3.5"]
[White "Buhmann, Rainer"]
[Black "Kuraszkiewicz, Michael"]
[Result "0-1"]
[WhiteElo "2498"]
[BlackElo "2350"]
[PlyCount "88"]
[EventDate "2001.10.06"]
[EventType "team"]
[EventRounds "15"]
[EventCountry "GER"]
[SourceTitle "Bundesliga 0102"]
[Source "DeepChess"]
[SourceDate "2005.01.01"]
[SourceVersion "1"]
[SourceVersionDate "2005.01.01"]
[SourceQuality "1"]
[WhiteTeam "Stuttgarter SF 1879"]
[BlackTeam "SK Koenig Plauen"]
[WhiteTeamCountry "GER"]
[BlackTeamCountry "GER"]

1. Nf3 g6 2. d4 Bg7 3. c4 d6 4. Nc3 Nf6 5. e4 O-O 6. Be2 e5 7. O-O exd4 8. Nxd4
Re8 9. f3 Nh5 10. Be3 f5 11. Qd2 f4 12. Bf2 Be5 13. Rfd1 Qe7 14. Rac1 Na6 15.
Ndb5 Qg7 16. Nxa7 Rxa7 17. Bxa7 b6 18. Nb5 Bxb2 19. Rb1 Be5 20. a4 Bb7 21. a5
Rf8 22. axb6 c5 23. Rb3 Rf6 24. Qa5 g5 25. Nc7 Rh6 26. h3 Ng3 27. Bf1 g4 28.
fxg4 Nb4 29. Rxb4 cxb4 30. Qb5 Bd4+ 31. Kh2 Qe5 32. Qxe5 dxe5 33. Bd3 Nxe4 34.
Rb1 f3 35. Nd5 Nc3 36. Rxb4 e4 37. Bf1 Be5+ 38. Kg1 Bd4+ 39. Kh2 Be5+ 40. Kh1
Ne2 41. gxf3 exf3 42. Ne7+ Kf8 43. Nd5 Ng3+ 44. Kg1 Bd4+ 0-1

[Event "Bundesliga 0102"]
[Site "Deutschland"]
[Date "2001.11.24"]
[Round "3.6"]
[White "Schaller, Sven"]
[Black "Duppel, Matthias"]
[Result "0-1"]
[WhiteElo "2301"]
[BlackElo "2455"]
[PlyCount "110"]
[EventDate "2001.10.06"]
[EventType "team"]
[EventRounds "15"]
[EventCountry "GER"]
[SourceTitle "Bundesliga 0102"]
[Source "DeepChess"]
[SourceDate "2005.01.01"]
[SourceVersion "1"]
[SourceVersionDate "2005.01.01"]
[SourceQuality "1"]
[WhiteTeam "SK Koenig Plauen"]
[BlackTeam "Stuttgarter SF 1879"]
[WhiteTeamCountry "GER"]
[BlackTeamCountry "GER"]

1. Nf3 d5 2. b3 Bg4 3. Ne5 Bf5 4. d4 Nd7 5. Bb2 e6 6. Nd2 Ngf6 7. e3 h6 8. Bd3
Bxd3 9. cxd3 Be7 10. O-O O-O 11. f4 c5 12. g4 cxd4 13. exd4 Bb4 14. Rf2 Nh7 15.
Ndf3 f6 16. Ng6 Re8 17. Qf1 Rc8 18. Kh1 Ndf8 19. Nxf8 Rxf8 20. Nh4 Qd7 21. Qg2
Rc6 22. Re2 Rfc8 23. Rf1 Bc3 24. Bxc3 Rxc3 25. Rfe1 Nf8 26. f5 Rc1 27. Qf1 Rxe1
28. Qxe1 Rc6 29. Kg2 Kf7 30. Kf3 Qc7 31. Qg3 Qxg3+ 32. Kxg3 b5 33. Ng2 g5 34.
fxg6+ Nxg6 35. Nf4 Nxf4 36. Kxf4 b4 37. h4 Rc1 38. a3 Rc3 39. axb4 Rxd3 40. Ra2
Rxd4+ 41. Ke3 Rxb4 42. Rxa7+ Kg6 43. h5+ Kg5 44. Rg7+ Kh4 45. Rg6 Rxb3+ 46. Kf2
e5 47. Rxf6 Kxg4 48. Rxh6 Rh3 49. Rg6+ Kf5 50. Rd6 d4 51. h6 Ke4 52. Ra6 d3 53.
Rd6 Rf3+ 54. Ke1 Ke3 55. Rd5 e4 0-1